000 00574nam a2200217Ia 4500
003 OSt
005 20220923230837.0
006 a|||||r|||| 00| 0
007 ta
008 Pun
024 _a306,023
037 _cTextual
040 _aARTS
_cARTS
_bPun
041 _2Pun
_aPun
082 _aT;3(P153), 153L2
100 _aਗੁਪਤਾ, ਤਿਪਤ ਸਿੰਘ
245 0 _aਪੰਜਾਬੀ FਿਕFਣ ਕਲਾ
260 _c1972
942 _hT;3(P153), 153L2
_cTEXL
_2CC
999 _c387810
_d387810